Five-Figure Logarithmic And Other Tables / (Record no. 5513)
[ view plain ]
| 000 -LEADER | |
|---|---|
| fixed length control field | 00579nam a2200229 a 4500 |
| 001 - CONTROL NUMBER | |
| JCCL Control Number | 5513 |
| 003 - CONTROL NUMBER IDENTIFIER | |
| JCCL marc code | BD-JhCC |
| 005 - DATE AND TIME OF LATEST TRANSACTION | |
| control field | 20171217190341.0 |
| 008 - FIXED-LENGTH DATA ELEMENTS--GENERAL INFORMATION | |
| fixed length control field | 171217s1966 bg |||| ||a| 000 0 eng d |
| 035 ## - SYSTEM CONTROL NUMBER | |
| system control number | (BD-JhCC)5513 |
| 040 ## - CATALOGING SOURCE | |
| Original cataloging agency | BD-JhCC |
| Modifying agency | BD-JhCC |
| 041 ## - LANGUAGE CODE | |
| Language code of Book | eng |
| 082 ## - DEWEY DECIMAL CLASSIFICATION NUMBER | |
| Classification number | 512.992 |
| Author mark and Year | CAS 1966 |
| 100 ## - MAIN ENTRY--PERSONAL NAME | |
| Personal name | Castle,Frank |
| 245 ## - TITLE STATEMENT | |
| Title | Five-Figure Logarithmic And Other Tables / |
| Statement of responsibility, etc | Frank Castle |
| 260 ## - PUBLICATION, DISTRIBUTION, ETC. (IMPRINT) | |
| Place of publication, distribution, etc | New York : |
| Name of publisher, distributor, etc | St Martin's Press, |
| Date of publication, distribution, etc | 1966. |
| 300 ## - PHYSICAL DESCRIPTION | |
| Pagination | 64 p. : |
| Dimensions | 21 cm. |
| 650 ## - SUBJECT ADDED ENTRY--TOPICAL TERM | |
| Topical term or geographic name as entry element | Logarithms |
| 650 ## - SUBJECT ADDED ENTRY--TOPICAL TERM | |
| Topical term or geographic name as entry element | Mathematics |
| 942 ## - ADDED ENTRY ELEMENTS (KOHA) | |
| Source of classification or shelving scheme | Dewey Decimal Classification |
| Koha item type | Books |
| Source of classification or shelving scheme | Damaged status | Not for loan | Home library | Current library | Shelving location | Date of accession | Total Checkouts | Full call number | Barcode | Date last seen | Copy number | Koha item type |
|---|---|---|---|---|---|---|---|---|---|---|---|---|
| Dewey Decimal Classification | JCC Rouf Library | JCC Rouf Library | General Stacks | 12/17/2017 | 512.992 CAS 1966 | 7466 | 12/17/2017 | C - 1 | Books | |||
| Dewey Decimal Classification | JCC Rouf Library | JCC Rouf Library | General Stacks | 12/17/2017 | 512.992 CAS 1966 | 7465 | 12/17/2017 | C - 2 | Books |